000 00546nam a2200229Ia 4500
003 OSt
005 20221005115235.0
006 a|||||r|||| 00| 0
007 ta
008 221004b |||||||| |||| 00| 0 eng d
024 _a34946
037 _cTextual
040 _aCRL
_cCRL
_beng
041 _2eng
_aeng
082 _aZ3:4y7, G8
100 _aWinfield P H
_9627316
245 0 _aCases on the law of tort
260 _c1938
650 _aLAW
942 _hZ3:4y7, G8
_cTEXL
_2cc
999 _c1033908
_d1033908